000 00604nam a2200229Ia 4500
003 OSt
005 20221007071751.0
006 a|||||r|||| 00| 0
007 ta
008 221006b |||||||| |||| 00| 0 eng d
024 _a17,980
037 _cTextual
040 _aFLL
_cFLL
_beng
041 _2eng
_aeng
082 _aY17:45, H9
100 _aEast N. Au.
_9689387
245 0 _aSociety and the criminal
260 _aLondon
_bHer majesty's stationery office England
_c1949
300 _a315p
_ccm.
942 _hY17:45, H9
_cTEXL
_2CC
999 _c1144217
_d1144217